01529nam a2200325 a 4500001001000000003000900010005001700019007000300036008004100039040002500080082002300105100003300128240003600161245010300197250001200300260005300312300002300365500005700388590002700445650004400472650004300516700002900559910003700588942001400625952014300639952012400782952013700906952014301043999001701186000028626DO-SdBNP20221025142713.0ta110411s2010 dr a 000 0 spa d aDO-SdBNPbspacBNPHU 4a155.633bI26jo2221 aIkeda, Daisakud1928-95558610aJosei ni okura kotoba 365 nichi10aJoyas del corazón :b365 mensajes dedicado a la mujer /cDaisuku Ikeda ; traductora Soka Gakkai. a18a ed. cSanto Domingo :bEditora Amigo del Hogar,c2010. a402 p. ; b18 cm.  aIncluye datos biográficos del autor en las solapas aInventariado, 2022/MFF 4aMujeres vCitas, máximas, etc.982203 4aAutorrealización en la mujer 9375321 aGakkai, Sokaetr.955587 aValidado. Control de calidad MFF 2ddccLBS1 00102ddc56708DSaBNPHUbBNPHUcHDd2011-04-11eDepósito Legal oBNPHU DS 155.633 I26jop28626-30r2020-06-25te. 3w2020-06-25yLBS1 00112ddc56708DSaBNPHUbBNPHUcMId2015-04-22oBNPHU DS 155.633 I26jop28626-40r2020-06-25te. 4w2020-06-25yLBS1 00102ddc51708PDaBNPHUbBNPHUcHDd2011-04-11eDepósito Legal oBNPHU PD 155.633 I26jop28626-10r2020-06-25w2020-06-25yLBS1 00102ddc51708PDaBNPHUbBNPHUcHDd2011-04-11eDepósito Legal oBNPHU PD 155.633 I26jop28626-20r2020-06-25te. 2w2020-06-25yLBS1 c28118d28118